000 00735nam a2200205 a 4500
003 0
005 20250421112622.0
008 060801s19uu xx 00 eng d
050 _aPHS HV 713
_b.L33 2006
100 _aLabio, Ray Jeven S.
245 _aAwareness of upper school students on children' rights and issues affecting them /
_cRay Jeven S. Labio.
260 _aLas Piñas City, Philippines :
_bSouthville International School and Colleges,
_c2006.
300 _a45 pages ;
_c28 cm.
504 _aIncludes bibliographical references.
650 _aChild welfare.
650 _aChildren's rights.
650 _aChildren
_xLegal status, laws, etc.
650 _aStudents
_xKnowledge
_vChildren’s rights.
942 _2lcc
_cPASS
999 _c97633
_d97633